एक बड़ी मुसीबत / (Record no. 54535)

MARC details
000 -LEADER
fixed length control field 02184nam a22003257a 4500
005 - DATE AND TIME OF LATEST TRANSACTION
control field 20110728155258.0
010 ## - LCCN (DPL NO)
LC control number B-435773-777
020 ## - INTERNATIONAL STANDARD BOOK NUMBER
Terms of availability 20.00
International Standard Book Number 818263041x
035 ## - SYSTEM CONTROL NUMBER
System control number B-435773-777
037 ## - SOURCE OF ACQUISITION
Source of stock number/acquisition ब्लयूबेरी बुक्स
082 ## - DEWEY DECIMAL CLASSIFICATION NUMBER
Classification number
100 ## - MAIN ENTRY--PERSONAL NAME
Personal name ओहरी, हरमिन्दर
245 ## - TITLE STATEMENT
Title एक बड़ी मुसीबत /
Statement of responsibility, etc हरमिन्दर ओहरी; प्रथम पुस्तक समूह द्वारा अनुदित
Remainder of title
246 ## - VARYING FORM OF TITLE
Title proper/short title Ek badi musibat
Remainder of title by Harminder Ohri
260 ## - PUBLICATION, DISTRIBUTION, ETC. (IMPRINT)
Place of publication, distribution, etc नई दिल्ली
Name of publisher, distributor, etc प्रथम बुक्स
Date of publication, distribution, etc 2010
270 ## - ADDRESS
City नई दिल्ली
Telephone number 011-65684113
Fax number
Electronic mail address www.prathambooks.org
300 1# - PHYSICAL DESCRIPTION
Extent 13पृ.;
Dimensions 18सेमी (अजिल्द)
Other physical details सचित्र
490 ## - SERIES STATEMENT
Series statement
-- 30961
500 ## - GENERAL NOTE
General note
700 ## - ADDED ENTRY--PERSONAL NAME
9 (RLIN) 30349
710 ## - ADDED ENTRY--CORPORATE NAME
Corporate name or jurisdiction name as entry element
9 (RLIN) 30350
942 ## - ADDED ENTRY ELEMENTS (KOHA)
Source of classification or shelving scheme Dewey Decimal Classification
Item type Children Books
Call number suffix ओहरी
Classification part
Holdings
Withdrawn status Lost status Not for loan Collection code Home library Current library Date acquired Source of acquisition Cost, normal purchase price Full call number Barcode Copy number Cost, replacement price Koha item type
      Fiction Bawana Bawana 03/08/2011 ब्लयूबेरी /6364/25.3.2011/83/21.3.11/31.3.11 20.00 क ओहरी B-435776 1 20.00 Children Books
      Fiction Central Library Central Library 03/08/2011 ब्लयूबेरी /6364/25.3.2011/83/21.3.11/31.3.11 20.00 क ओहरी B-435773 1 20.00 Children Books
      Fiction Patel Nagar Patel Nagar 03/08/2011 ब्लयूबेरी /6364/25.3.2011/83/21.3.11/31.3.11 20.00 क ओहरी B-435774 1 20.00 Children Books
Withdrawn     Fiction Sarojini Nagar Sarojini Nagar 03/08/2011 ब्लयूबेरी /6364/25.3.2011/83/21.3.11/31.3.11 20.00 क ओहरी B-435775 1 20.00 Children Books
  Written-off vide DLB M. No. 383 dt 16.05.19   Fiction Shahdara Branch Shahdara Branch 03/08/2011 ब्लयूबेरी /6364/25.3.2011/83/21.3.11/31.3.11 20.00 क ओहरी B-435777 1 20.00 Children Books

© Delhi Public Library
Hit Counter
free hit counter